Vamos a promover la salud : segunda parte. Hablemos de la salud.

Guardat en:
Dades bibliogràfiques
Autor principal: Sola, Bertha (autor)
Altres autors: Poveda Carreño, Claudia Liliana (autor) (autor), Martínez Licón, Salvador, coord (autor) coord, (autor)
Format: Llibre
Idioma:espanyol
Matèries:
Etiquetes: Afegir etiqueta
Sense etiquetes, Sigues el primer a etiquetar aquest registre!

MARC

LEADER 00000cam^a2200000uu^4500
001 000493298
005 20250521000000.0
008 030710s2000^^^^^^^^^^^^rd^r^^000^0^spa^d
009 20260310125459.664
035 |a FCE 000036673 
035 |a FCE 036718 
037 |a Acervo ITESO - Biblioteca 
041 |a spa 
082 0 4 |a 613.07  |b SOLv 2 
100 |a Sola, Bertha  |e (autor) 
245 1 0 |a Vamos a promover la salud :  |b segunda parte. Hablemos de la salud.  |h [Fotocopias] 
264 |a México :  |b Cáritas Salud-Familiar y Comunitaria, IAP : CEE,  |c [2000?]. 
300 |a 45 p. 
336 |a texto  |b txt  |2 rdacontenido 
337 |a sin mediación  |b n  |2 rdamedio 
338 |a volumen  |b nc  |2 rdasoporte 
649 |a XX 
650 |a Manual 
650 |a Salud 
650 |a Educación para la salud 
650 |a Derechos humanos 
650 |a Actividades para la salud 
650 |a Enfermedad 
700 |a Poveda Carreño, Claudia Liliana  |e (autor) 
700 |a Martínez Licón, Salvador,  |e coord  |e (autor) 
910 |a Fondo Centro de Estudios Educativos 
920 |a Impresos - Libros 
930 |a Fondos Especiales 
905 |a 133 
901 |a ALE036718  |b IT2  |c CEE  |u 20250521 
902 |a https://opac.biblio.iteso.mx/vufind/Record/000493298